[Event "Michigan Open Reserve"]
[Site "Lansing, MI"]
[Date "2002.09.02"]
[Round "7.8"]
[White "McAuliffe, Todd"]
[Black "Jay, Carr"]
[Result "1-0"]
[WhiteElo "1644"]
[BlackElo "1600"]
[PlyCount "61"]
[EventDate "2002.08.30"]

1. e4 c5 2. Nc3 e6 3. f4 Nc6 4. Nf3 d5 5. Bb5 Nge7 6. exd5 exd5 7. Qe2 a6 8.
Bxc6+ bxc6 9. O-O g6 10. Re1 Ra7 11. Ne5 Be6 12. Na4 Qd6 13. b3 f6 14. Nxc6
Nxc6 15. Qxe6+ Qxe6 16. Rxe6+ Ne7 17. Nxc5 Kf7 18. Rxa6 Rc7 19. Ba3 Nf5 20. Ne6
Bxa3 21. Nxc7 Bd6 22. Nxd5 Re8 23. Kf1 h5 24. Re1 Rxe1+ 25. Kxe1 Ke6 26. c4 Kf7
27. g3 g5 28. Ne3 Nxe3 29. dxe3 Bc5 30. Ke2 gxf4 31. gxf4 1-0

[Event "Michigan Open Reserve"]
[Site "Lansing, MI"]
[Date "2002.09.02"]
[Round "6.21"]
[White "Matias, I.C."]
[Black "Wood, Jack"]
[Result "1-0"]
[WhiteElo "1747"]
[BlackElo "1450"]
[PlyCount "99"]
[EventDate "2002.08.30"]

1. d4 Nf6 2. c4 c5 3. d5 e6 4. Nc3 exd5 5. cxd5 d6 6. e4 g6 7. Nf3 Bg7 8. Be2
Bg4 9. h3 Bxf3 10. Bxf3 O-O 11. O-O Re8 12. Re1 a6 13. a4 Nbd7 14. Bf4 Ne5 15.
Be2 Nh5 16. Bg3 Nf6 17. f4 Ned7 18. Bf3 Qe7 19. e5 dxe5 20. fxe5 Nh5 21. Bxh5
gxh5 22. Qxh5 Nxe5 23. Re4 Qf6 24. Rae1 Qg6 25. Qxg6 hxg6 26. Bxe5 f6 27. Bxf6
Rxe4 28. Nxe4 Re8 29. Bxg7 Kxg7 30. Kf2 b6 31. Ng5 Rxe1 32. Kxe1 Kf6 33. Ne4+
Ke5 34. Nc3 b5 35. axb5 axb5 36. Nxb5 Kxd5 37. Nc3+ Ke5 38. Kf2 g5 39. Kf3 Kf5
40. Ne4 g4+ 41. hxg4+ Kg6 42. Nxc5 Kf6 43. b4 Kg5 44. b5 Kf6 45. b6 Kg6 46. b7
Kf6 47. b8=Q Kg6 48. Kf4 Kg7 49. Qe5+ Kh7 50. Ne6 1-0

[Event "Michigan Open Booster"]
[Site "Lansing, MI"]
[Date "2002.09.02"]
[Round "6.7"]
[White "Li, Derek"]
[Black "Avery, James"]
[Result "1-0"]
[WhiteElo "1305"]
[BlackElo "744"]
[PlyCount "91"]
[EventDate "2002.08.30"]

1. e4 e5 2. Nf3 Nc6 3. Bc4 Be7 4. O-O Nf6 5. Nc3 O-O 6. d3 b6 7. Bg5 Bb7 8. Re1
h6 9. Bh4 g5 10. Bg3 Bc5 11. Nxe5 Nxe5 12. Bxe5 d6 13. Bg3 Nh5 14. Qxh5 Qf6 15.
Na4 Bc6 16. Nxc5 bxc5 17. Rab1 Bd7 18. e5 Qf5 19. Qxh6 Be6 20. Bxe6 fxe6 21.
exd6 Rf6 22. Qh5 cxd6 23. Qf3 Qxf3 24. gxf3 Rxf3 25. Bxd6 Rc8 26. Rxe6 Kf7 27.
Rbe1 Rf6 28. Rxf6+ Kxf6 29. f4 g4 30. Be5+ Kf5 31. Kg2 Rg8 32. Bd6 a5 33. Bxc5
Kxf4 34. Re4+ Kf5 35. Kg3 Rc8 36. Rf4+ Ke6 37. d4 Rg8 38. Rxg4 Rb8 39. b3 Kd5
40. Rg5+ Kc6 41. Rg6+ Kd7 42. d5 Re8 43. Rg7+ Kd8 44. Rf7 Rg8+ 45. Kf3 Rh8 46.
Rf8+ 1-0

[Event "Michigan Open Booster"]
[Site "Lansing, MI"]
[Date "2002.09.02"]
[Round "7.5"]
[White "Li, Derek"]
[Black "Aguilar, Javier"]
[Result "1/2-1/2"]
[WhiteElo "1305"]
[BlackElo "1213"]
[PlyCount "64"]
[EventDate "2002.08.30"]

1. e4 b6 2. d4 Bb7 3. Nc3 g6 4. Nf3 Bg7 5. Be3 Nf6 6. Bd3 d6 7. Qd2 O-O 8. Bh6
Nbd7 9. Bxg7 Kxg7 10. h4 h5 11. O-O-O e5 12. d5 Nc5 13. Rde1 Nxd3+ 14. Qxd3 a5
15. Qd2 Rh8 16. Ng5 a4 17. f4 exf4 18. Qxf4 Qe8 19. Ref1 Qe5 20. Qxe5 dxe5 21.
Rf3 Ba6 22. Nb1 Be2 23. Rf2 Bb5 24. c4 Be8 25. Rhf1 Ng4 26. Rxf7+ Bxf7 27.
Rxf7+ Kh6 28. Rxc7 Raf8 29. Nf7+ Rxf7 30. Rxf7 g5 31. hxg5+ Kxg5 32. d6 Rd8 {
Remainder illegible} 1/2-1/2

[Event "Michigan Open"]
[Site "Lansing, MI"]
[Date "2002.09.02"]
[Round "7.2"]
[White "Levi, Ariel"]
[Black "Florean, Andrei"]
[Result "1/2-1/2"]
[WhiteElo "2164"]
[BlackElo "2430"]
[PlyCount "24"]
[EventDate "2002.08.30"]

{English: Closed Sicilian (Taimanov)} 1. c4 d6 2. g3 g6 3. Bg2 Bg7 4. Nc3 e5 5.
e4 Nc6 6. Nge2 Nge7 7. O-O h5 8. h4 O-O 9. d3 Bg4 10. f3 Bd7 11. Bg5 b6 12. Nd5
f6 1/2-1/2

[Event "Michigan Open"]
[Site "Lansing, MI"]
[Date "2002.09.02"]
[Round "6.3"]
[White "Levi, Ariel"]
[Black "Bailey, Greg"]
[Result "1-0"]
[WhiteElo "2164"]
[BlackElo "1950"]
[PlyCount "105"]
[EventDate "2002.08.30"]

1. c4 f5 2. g3 Nf6 3. Bg2 e5 4. d4 Bb4+ 5. Bd2 Bxd2+ 6. Qxd2 exd4 7. Qxd4 Nc6
8. Qe3+ Kf7 9. Nc3 Ng4 10. Qd2 Re8 11. Qd5+ Kf6 12. Nh3 Re5 13. Qd2 h6 14. f3
Ne3 15. Nd5+ Nxd5 16. cxd5 Ne7 17. f4 Re4 18. Bxe4 fxe4 19. Qd4+ Kf7 20. Qxe4
d6 21. Nf2 Bf5 22. Qc4 a6 23. O-O b5 24. Qd4 Bc8 25. e4 Bb7 26. Rac1 Ng8 27.
Rc3 Nf6 28. Rfc1 Ne8 29. Ng4 Qd7 30. Ne3 Ke7 31. Nf5+ Kd8 32. Nxg7 Qxg7 33.
Qxg7 Nxg7 34. Rxc7 Rc8 35. Rxc8+ Bxc8 36. Rc6 Ne8 37. Kf2 Bb7 38. Rc2 Nf6 39.
Ke3 Kd7 40. h3 h5 41. Kf3 a5 42. a3 a4 43. g4 hxg4+ 44. hxg4 Kd8 45. g5 Ne8 46.
f5 Ke7 47. Kf4 Kf7 48. Rh2 Kg8 49. Rh6 Bc8 50. e5 dxe5+ 51. Kxe5 Ng7 52. f6 Ne8
53. Rh8+ 1-0

[Event "Michigan Open Reserve"]
[Site "Lansing, MI"]
[Date "2002.09.02"]
[Round "6.4"]
[White "LeMaster, Terry"]
[Black "Choate, Eric"]
[Result "1-0"]
[WhiteElo "1784"]
[BlackElo "1521"]
[PlyCount "89"]
[EventDate "2002.08.30"]

1. e4 e5 2. Nf3 d6 3. Bc4 Be7 4. d4 exd4 5. Nxd4 Nf6 6. Nc3 Bd7 7. O-O Nc6 8.
Be3 O-O 9. Nf5 Bxf5 10. exf5 Qd7 11. g4 Ne5 12. Be2 h6 13. f4 Nc6 14. Bf3 Nh7
15. Nd5 Rae8 16. Qd2 Kh8 17. g5 Qxf5 18. Nxc7 Rc8 19. Nd5 hxg5 20. Nxe7 Nxe7
21. c3 gxf4 22. Bxf4 d5 23. Rae1 Rfe8 24. Bg3 Nf6 25. Bd6 Nc6 26. Rd1 Qg6+ 27.
Qg2 Qxg2+ 28. Bxg2 Rcd8 29. Bg3 Re2 30. c4 dxc4 31. Rxd8+ Nxd8 32. Bh4 Rxb2 33.
Rxf6 Rxg2+ 34. Kxg2 gxf6 35. Bxf6+ Kh7 36. Bxd8 Kg6 37. Kf3 Kf5 38. Ke3 Kg4 39.
a4 f5 40. Bc7 c3 41. Kd3 c2 42. Kxc2 f4 43. Bxf4 Kxf4 44. Kd3 Kg4 45. Kc4 1-0

[Event "Michigan Open Booster"]
[Site "Lansing, MI"]
[Date "2002.09.02"]
[Round "6.13"]
[White "Lawitzke, John"]
[Black "Tyle, Sheel"]
[Result "1-0"]
[WhiteElo "896"]
[BlackElo "791"]
[Annotator "Tim McGrew"]
[PlyCount "49"]
[EventDate "2002.08.30"]

{Queen's Gambit Accepted} 1. d4 d5 2. c4 dxc4 3. Nc3 Nc6 {Transposing into a
Chigorin Defense. This is not bad (as Morozevich has proved) but it can be a
difficult line for Black to handle well.} ({An old but relatively simple
solution to Black's opening problems is} 3... e5 $5 4. d5 (4. dxe5 Qxd1+ 5.
Nxd1 (5. Kxd1 Be6 6. e4 Nc6 7. f4 O-O-O+ {gave Black comfortable play in
Rosenkrantz-Blumenfeld, 4th All Russian Ch, 1905 (0-1, 34).}) 5... Nc6 6. Nf3
Bg4 {when Black's pieces have good play. This led to an amusing finish in
NN-Wenman, Bristol Club Ch 1938:} 7. Bf4 O-O-O 8. Ne3 $2 Bb4+ {and White
resigned.}) (4. Nf3 exd4 5. Qxd4 (5. Nxd4 Bc5) 5... Qxd4 6. Nxd4 Bc5 7. Ndb5
Na6 8. Bf4 c6 {looks more awkward for White than for Black.}) 4... Bc5 5. e3
Nf6 6. Bxc4 a6 {left Black comfortably placed in Perigal-Anderssen, London
1851 (0-1, 33).}) 4. Nf3 Bf5 5. e3 e6 6. Bxc4 Bg4 {The loss of time here
indicates that Black is drifting.} 7. O-O e5 $2 {A second loss of time. White
is already castled, while Black is three moves away from castling. Black has
no business opening the center under these circumstances!} 8. Be2 $2 (8. Qb3 $1
{hits both b7 and f7 and would have forced a rapid conclusion to the game.})
8... Bxf3 9. Bxf3 exd4 10. Bxc6+ bxc6 11. exd4 Bd6 12. Re1+ Kf8 $2 ({Giving up
castling needlessly.} 12... Ne7 13. -- {and} O-O {was best, though White would
have some advantage due to Black's ragged pawns.}) 13. a3 Nf6 14. Ne4 Nxe4 15.
Rxe4 f5 {Weakening the king's shelter (such as it is) cannot be good.} 16. Qf3
Qf6 17. Re2 Re8 18. Rxe8+ Kxe8 19. Qxc6+ Kd8 $2 ({The final error. Black can
minimize his problems with} 19... Kf7 {which has the added benefit of setting
a trap for White's queen, e.g.} 20. Be3 $4 Bxh2+ 21. Kxh2 Qxc6) 20. Qa8+ {Now
things fall apart quickly.} Kd7 21. Qxh8 Qxd4 22. Be3 Qxb2 23. Re1 f4 24. Bd4
Qxd4 25. Qe8# 1-0

[Event "Michigan Open Reserve"]
[Site "Lansing, MI"]
[Date "2002.09.02"]
[Round "7.1"]
[White "Laurin, Edward"]
[Black "Sundeen, David"]
[Result "1-0"]
[WhiteElo "1757"]
[BlackElo "1647"]
[Annotator "Edward Laurin"]
[PlyCount "99"]
[EventDate "2002.08.30"]

{Petrov: Cozio} 1. e4 e5 2. Nf3 Nf6 3. Nxe5 d6 4. Nf3 Nxe4 5. Qe2 Qe7 6. d3 Nf6
7. Bg5 Qxe2+ 8. Bxe2 Be7 9. Nbd2 {I play this variation with a friend at my
local chess club all the time and it has proven its worth on various occasions.
} Nc6 10. c3 {This idea with this move is to keep Black's knight from coming
to d4 or b4. It also prepares the d4 push freeing up the light-squared bishop.}
Be6 11. O-O h6 12. Bh4 g5 13. Bg3 Nh5 14. d4 Nxg3 15. fxg3 a6 16. Bc4 d5 17.
Bd3 O-O-O 18. a4 $1 {Aggressive play is the key to winning chess. All I could
think of when I was considering this move was the old saying: "When castling
on opposite sides its a race; whomever gets there first wins."} g4 $2 {Okay..
but White wanted to move this knight anyway he just never had a good square.
Now, he has h4 which looks decent enough as it protects the king-side and
targets the weak f5 and g6 squares.} 19. Nh4 Bg5 $2 {Once again, white wanted
to move this knight to a better square. Even better is now the c5 squares is
just begging for him!} 20. Nb3 Ne7 21. Nc5 Rhf8 22. Nxe6 fxe6 23. Ng6 Nxg6 24.
Bxg6 Kd7 25. Bh5 Rg8 26. Rae1 ({Not} 26. Bxg4 Be3+ $1) 26... Be7 27. Bf7 Rg7
28. Bxe6+ Kc6 29. Bf5 Kb6 30. Re6+ Ka7 31. Rxh6 Rf8 32. Rh7 (32. Rg6 Rgf7 $1)
32... Rxh7 33. Bxh7 Kb6 34. Rxf8 Bxf8 35. Kf2 Ka5 36. b3 Bh6 37. Ke2 b5 38.
axb5 axb5 39. Bg8 c6 40. Be6 b4 41. Kd3 bxc3 42. Kxc3 Bf8 43. Bxg4 Bb4+ 44. Kc2
Be1 45. Bd7 Kb6 46. g4 Bh4 47. g3 Bf6 48. Kd3 Kc7 49. Be8 Kd6 50. h4 1-0

[Event "Michigan Open"]
[Site "Lansing, MI"]
[Date "2002.09.02"]
[Round "7.12"]
[White "LaForge, Tom"]
[Black "Bolda, Dan H"]
[Result "1-0"]
[WhiteElo "1922"]
[BlackElo "1795"]
[PlyCount "67"]
[EventDate "2002.08.30"]

1. e4 c6 2. d4 d5 3. Nd2 dxe4 4. Nxe4 Bf5 5. Ng3 Bg6 6. Nf3 Nd7 7. Nh4 e6 8.
Nxg6 hxg6 9. c3 Ngf6 10. Bd3 Bd6 11. h3 Qc7 12. Ne4 Nxe4 13. Bxe4 Bf4 14. Bxf4
Qxf4 15. Qe2 Nf6 16. Bf3 g5 17. g3 Qf5 18. O-O-O O-O-O 19. Bg2 g4 20. h4 g5 21.
hxg5 Qxg5+ 22. Kb1 Nd5 23. a3 Qg6+ 24. Ka2 Qg7 25. Rxh8 Rxh8 26. c4 Nc7 27. d5
exd5 28. cxd5 cxd5 29. Bxd5 Nxd5 30. Rxd5 f6 31. Qe6+ Kb8 32. Rd7 Qg8 33. Rf7
Rh7 34. Rxb7+ 1-0

[Event "Michigan Open Reserve"]
[Site "Lansing, MI"]
[Date "2002.09.02"]
[Round "6.29"]
[White "LaFerriere, Adam"]
[Black "Crysler, Jerry"]
[Result "1-0"]
[WhiteElo "1354"]
[BlackElo "1467"]
[PlyCount "82"]
[EventDate "2002.08.30"]

1. e4 g6 2. d4 c5 3. Be3 cxd4 4. Bxd4 f6 5. Nf3 e5 6. Bc3 Bg7 7. Bc4 Nh6 8. Qd5
Qe7 9. Na3 a6 10. Bb3 Qe6 11. Qc5 Qc6 12. Qd5 Qxd5 13. Bxd5 Nc6 14. Nc4 Bf8 15.
O-O-O Bc5 16. Bxc6 dxc6 17. Nd6+ Ke7 18. Nxc8+ Raxc8 19. Rd2 Rhd8 20. Rf1 Rxd2
21. Kxd2 Rd8+ 22. Ke2 Nf7 23. Nd2 Nd6 24. f3 Nb5 25. Nb1 Bd4 26. Bb4+ Ke6 27.
c3 Bb6 28. a4 Nd6 29. b3 a5 30. Ba3 Bc7 31. c4 b6 32. g3 b5 33. cxb5 cxb5 34.
Bxd6 Bxd6 35. Rc1 bxa4 36. bxa4 Rb8 37. Nc3 Rb2+ 38. Kd3 Rb3 39. Kc4 Rb4+ 40.
Kd3 Rd4+ 41. Kc2 Bb4 {Remainder illegible, 60?} 1-0

[Event "Michigan Open Reserve"]
[Site "Lansing, MI"]
[Date "2002.09.02"]
[Round "6.13"]
[White "Kuczek, Kevin"]
[Black "Moore, Robert"]
[Result "0-1"]
[WhiteElo "1439"]
[BlackElo "1609"]
[PlyCount "82"]
[EventDate "2002.08.30"]

1. e4 c5 2. Nc3 d6 3. g3 e6 4. Bg2 Be7 5. d3 Nf6 6. f4 Nc6 7. Nf3 O-O 8. O-O a6
9. d4 cxd4 10. Nxd4 Qb6 11. Be3 Qc7 12. Qd2 Ng4 13. Rab1 Nxe3 14. Qxe3 Nxd4 15.
Qxd4 d5 16. Kh1 Bc5 17. Qa4 d4 18. Ne2 Bd7 19. Qb3 Bb5 20. Rfe1 Rfd8 21. a4 Bc6
22. Qc4 Bb6 23. b3 Ba7 24. Rbd1 e5 25. f5 Rac8 26. g4 Qe7 27. Qd3 b5 28. a5 b4
29. Qxa6 Qc5 30. Qd3 Bb5 31. Qg3 Qe7 32. Rd2 Bxe2 33. Rdxe2 Rc3 34. Bf3 Rdc8
35. Qg2 Qg5 36. h3 d3 37. cxd3 Rxd3 38. Rc2 Rxc2 39. Qxc2 Rc3 40. Qd1 Qh4 41.
Bg2 Rxh3+ 0-1

[Event "Michigan Open Reserve"]
[Site "Lansing, MI"]
[Date "2002.09.02"]
[Round "1.42"]
[White "Kuczek, Kevin"]
[Black "Beshore, Brad"]
[Result "1-0"]
[WhiteElo "1439"]
[BlackElo "1748"]
[PlyCount "48"]
[EventDate "2002.08.30"]

1. e4 g6 2. d4 Bg7 3. Nf3 c6 4. Be2 d5 5. Nc3 Nf6 6. e5 Ne4 7. O-O O-O 8. Bd3
Nxc3 9. bxc3 Bg4 10. h3 Bxf3 11. Qxf3 c5 12. Be3 c4 13. Be2 Qa5 14. Bd2 Qa4 15.
Qxd5 Qxc2 16. Rfd1 Nc6 17. Bxc4 Rad8 18. Qb5 Nxe5 19. Bb3 Qf5 20. dxe5 Bxe5 21.
Qc5 b5 22. Qxa7 Rd3 23. Bc2 Bh2+ 24. Kxh2 Rxh3+ 1-0

[Event "Michigan Open Reserve"]
[Site "Lansing, MI"]
[Date "2002.09.02"]
[Round "6.22"]
[White "Kieliszewski, Greg"]
[Black "Bolda, Dan G"]
[Result "1/2-1/2"]
[WhiteElo "1479"]
[BlackElo "1600"]
[PlyCount "128"]
[EventDate "2002.08.30"]

1. e4 c6 2. d4 d5 3. Nc3 dxe4 4. Nxe4 Bf5 5. Ng3 Bg6 6. h4 h6 7. h5 Bh7 8. Nf3
e6 9. Bd3 Bxd3 10. Qxd3 Nf6 11. Bd2 Bd6 12. O-O-O O-O 13. Ne4 Nxe4 14. Qxe4 Nd7
15. Qe2 Nf6 16. Ne5 Be7 17. g4 Nh7 18. Qd3 Bf6 19. Rde1 Qc7 20. f4 Rfd8 21. Qc4
Rac8 22. Rhg1 c5 23. Qxc5 Qxc5 24. dxc5 Rxc5 25. Bc3 Rdc8 26. Rd1 Bxe5 27. fxe5
Ng5 28. Rge1 a5 29. Re2 b5 30. Bxa5 Rc4 31. Rd8+ Rxd8 32. Bxd8 Rxg4 33. Bxg5
Rxg5 34. c4 bxc4 35. a4 Rxh5 36. a5 Rh1+ 37. Kc2 Ra1 38. Kc3 Rxa5 39. Kxc4 Rd5
40. b4 Kf8 41. b5 Ke7 42. Kb4 Kd8 43. Ka5 Kc8 44. Ka6 Kb8 45. b6 Rd3 46. Rc2
Rd7 47. Kb5 Kb7 48. Rf2 Rd5+ 49. Kc4 Kxb6 50. Rxf7 Rc5+ 51. Kd4 Rc7 52. Rf2
Rd7+ 53. Ke4 g5 54. Rf6 Kc5 55. Rxe6 Rd4+ 56. Kf5 Rf4+ 57. Kg6 Kd5 58. Re8 g4
59. Kxh6 g3 60. Rg8 Rf3 61. Rg5 Ke6 62. Kg6 Rf8 63. Kg7 Rf3 64. Kg6 Rf8 1/2-1/2

[Event "Michigan Open Reserve"]
[Site "Lansing, MI"]
[Date "2002.09.02"]
[Round "7.2"]
[White "Kauffman, Justin"]
[Black "Homa, Seth"]
[Result "1/2-1/2"]
[WhiteElo "1564"]
[BlackElo "1609"]
[PlyCount "61"]
[EventDate "2002.08.30"]

{Sicilian: Scheveningen} 1. e4 c5 2. Nf3 d6 3. d4 cxd4 4. Nxd4 Nf6 5. Nc3 a6 6.
Be3 e6 7. Qd2 b5 8. a3 Bb7 9. f3 Nbd7 10. Bd3 Rc8 11. O-O Be7 12. Qf2 Ne5 13.
Rad1 Qc7 14. Nb3 Nfd7 15. Be2 Nc4 16. Bxc4 bxc4 17. Nd4 O-O 18. Qg3 Kh8 19. Kh1
Nf6 20. Nde2 Bc6 21. Qf2 Rb8 22. Bc1 d5 23. exd5 Nxd5 24. Nxd5 Bxd5 25. Nc3
Rbd8 26. Be3 Qc6 27. Rfe1 Bf6 28. Bd4 Bxd4 29. Rxd4 Qb6 30. Nxd5 Rxd5 31. c3
1/2-1/2

[Event "Michigan Open"]
[Site "Lansing, MI"]
[Date "2002.09.02"]
[Round "7.11"]
[White "Katsuhara, Osamu"]
[Black "Skidmore, Mike"]
[Result "1-0"]
[WhiteElo "1790"]
[BlackElo "1847"]
[Annotator "Don Vandivier"]
[PlyCount "113"]
[EventDate "2002.08.30"]

{Caro-Kann: Steinitz} 1. e4 c6 2. d4 d5 3. Nd2 dxe4 4. Nxe4 Nd7 5. Bd3 Ngf6 6.
Ng5 Nb6 7. Ne2 ({More common is} 7. N1f3 {however the text move has some
advantages as you will see.}) 7... Qc7 $6 8. Bf4 Qd8 9. O-O h6 10. Ne4 Nxe4 11.
Bxe4 Nd5 12. Bg3 Bg4 13. c3 Bxe2 14. Qxe2 Nf6 15. Bc2 e6 16. Rad1 $6 {White
can get a 1.0 advantage after:} (16. f4 $1 Bd6 (16... Be7 17. f5 exf5 18. Rxf5
O-O 19. Re1 Bd6 20. Qd3 g6 21. Rf2) 17. f5 Bxg3 18. hxg3 Qe7 19. Rae1 O-O-O 20.
fxe6 Rhe8 21. Bf5) 16... Bd6 17. Be5 O-O 18. Bb1 Qe7 19. Qd3 g6 20. Rfe1 Rad8
21. Qg3 Kh7 22. Qf3 Bxe5 23. Rxe5 Rd5 24. Rde1 Rfd8 25. h4 Rxe5 26. Rxe5 Nd7
27. Re1 Qf6 28. Qg3 Nb6 29. h5 Rd7 30. hxg6+ fxg6 31. Bc2 Nd5 32. Bb3 Kg7 33.
Qe5 Qxe5 34. Rxe5 Kf6 35. g3 g5 36. Kg2 Nc7 37. Kf3 Rf7 (37... h5 {keeping the
White king out of the king-side seems like a nice move.}) 38. Kg4 Kg7 39. Re2
Kf6 40. Kh5 Kg7 41. Bxe6 Nxe6 42. Rxe6 Rxf2 43. Re7+ Kf6 44. Rxb7 Rh2+ 45. Kg4
Rf2 $2 {This whole line is only playable because Black can force two passed
pawns on the king-side.} (45... h5+ $1 46. Kf3 g4+ 47. Ke3 Rg2 48. Kf4 Rf2+ 49.
Ke4 Re2+ 50. Kd3 Rg2) 46. Rc7 Rxb2 47. Rxc6+ Kg7 48. Rc7+ Kg6 49. Rxa7 h5+ 50.
Kf3 g4+ $6 (50... Rc2 {offers better drawing chances.} 51. Ra3 Kf5 52. Ra5+ Kg6
53. Ra6+ Kf5) 51. Ke4 Rf2 $6 (51... Re2+ 52. Kf4 Rf2+ 53. Ke5 Rf3) 52. Ra6+ Kg5
53. Ra5+ Kg6 54. d5 Rf5 55. c4 h4 56. gxh4 g3 57. Ra3 1-0

[Event "Michigan Open"]
[Site "Lansing, MI"]
[Date "2002.09.02"]
[Round "7.9"]
[White "Karakus, Köksal"]
[Black "Chuzai, Kevin"]
[Result "1-0"]
[WhiteElo "1918"]
[BlackElo "2204"]
[PlyCount "97"]
[EventDate "2002.08.30"]

1. e4 c5 2. Nf3 d6 3. d4 cxd4 4. Nxd4 Nf6 5. Nc3 g6 6. Be3 Bg7 7. f3 O-O 8. Qd2
Nc6 9. Bc4 Bd7 10. O-O-O Rc8 11. Bb3 Ne5 12. h4 h5 13. Bg5 Nh7 14. g4 Nxg5 15.
hxg5 Nxf3 16. Nxf3 Bxg4 17. Rdf1 Rxc3 18. bxc3 Qd7 19. Nd4 b5 20. Qd3 a6 21.
Rf2 e6 22. Rg2 Rb8 23. Rxg4 hxg4 24. Qg3 Qc7 25. Ne2 Qc5 26. Qxg4 Re8 27. Qg3
a5 28. a3 Qxa3+ 29. Kb1 a4 30. Ba2 b4 31. Qxd6 Bxc3 32. Nxc3 Qxc3 33. Qd7 Rc8
34. Qxa4 Kg7 35. Qb3 Qe5 36. Qb2 Rc3 37. Qxb4 Rc5 38. Qb2 Qxb2+ 39. Kxb2 Rxg5
40. Kc3 Re5 41. Bc4 Kf6 42. Kd4 Rg5 43. Rf1+ Ke7 44. Bd3 f5 45. Ke5 fxe4+ 46.
Kxe4 Rg4+ 47. Rf4 Rg5 48. Kf3 e5 49. Rg4 1-0

[Event "Michigan Open Reserve"]
[Site "Lansing, MI"]
[Date "2002.09.02"]
[Round "6.11"]
[White "Jones, Avery"]
[Black "Hershberger, Kent"]
[Result "0-1"]
[WhiteElo "1671"]
[BlackElo "1474"]
[PlyCount "82"]
[EventDate "2002.08.30"]

1. d4 Nf6 2. Nf3 e6 3. e3 b6 4. Bd3 Bb7 5. Nbd2 Be7 6. O-O d6 7. Re1 O-O 8. e4
c5 9. e5 dxe5 10. dxe5 Nd5 11. c4 Nb4 12. Bc2 Nxc2 13. Qxc2 Nc6 14. a3 Nd4 15.
Qc3 Nxf3+ 16. Nxf3 f6 17. Bf4 Qe8 18. Qe3 Bxf3 19. gxf3 Qg6+ 20. Kf1 f5 21. Ke2
Qe8 22. Rg1 Kh8 23. Rg2 Rd8 24. Rag1 Qa4 25. Rc1 Rd4 26. Bh6 Rf7 27. Bxg7+ Rxg7
28. Rxg7 Kxg7 29. Rg1+ Kh8 30. Qc3 Qxc4+ 31. Qxc4 Rxc4 32. Kd2 Rh4 33. Rg2 Bd8
34. Ke3 Bc7 35. f4 b5 36. Kf3 a5 37. Kg3 Rg4+ 38. Kf3 Rxg2 39. Kxg2 b4 40. axb4
cxb4 41. b3 a4 0-1

[Event "Michigan Open Reserve"]
[Site "Lansing, MI"]
[Date "2002.09.02"]
[Round "7.16"]
[White "Johnson, Johnny"]
[Black "Raban, David"]
[Result "1/2-1/2"]
[WhiteElo "1506"]
[BlackElo "1608"]
[PlyCount "60"]
[EventDate "2002.08.30"]

1. e4 e6 2. d4 d5 3. e5 c5 4. c3 Qb6 5. Nf3 Nc6 6. Be2 cxd4 7. cxd4 Nge7 8. O-O
Nf5 9. Nc3 Ncxd4 10. Nxd4 Qxd4 11. Bb5+ Bd7 12. Qb3 Qb4 13. Bxd7+ Kxd7 14. Qd1
Qd4 15. Qe2 Qb6 16. Rd1 Qc6 17. Bf4 Be7 18. Ne4 Rac8 19. g4 Nh4 20. Bg5 Qa4 21.
Bxh4 Bxh4 22. b3 Qa6 23. Qf3 Rhf8 24. g5 h6 25. Qg4 Bxg5 26. Rxd5+ Ke7 27. Rd6
Rc6 28. Rad1 Rxd6 29. Rxd6 Qa5 30. Qd1 Rd8 1/2-1/2

[Event "Michigan Open Booster"]
[Site "Lansing, MI"]
[Date "2002.09.02"]
[Round "7.12"]
[White "Johnson, David"]
[Black "Thach, Scott"]
[Result "0-1"]
[WhiteElo "429"]
[BlackElo "1141"]
[Annotator "Marshall Johnson"]
[PlyCount "64"]
[EventDate "2002.08.30"]

{Reti} 1. Nf3 e6 2. g3 d5 3. Bg2 b6 4. Ne5 $6 Bd6 5. Nf3 ({Perhaps} 5. d4 {
would have been a bit more consistent.}) 5... Bb7 6. O-O Nc6 7. d4 Nge7 8. Bg5
$6 {The bishop belongs here with Nf6, but it's rather weak in this situation.}
Qd7 9. e3 O-O-O 10. Bf4 Bxf4 11. exf4 f6 12. c3 Kb8 13. Qd2 h6 14. Rd1 $2 {
White should be piling up on the e-file.} g5 $1 {Black sees the situation
clearly gaining space and putting pressure on key black squares on White's
king-side.} 15. fxg5 $6 {Straightening out White's pawns and allowing for f4
later, but opening the h-file for Black.} hxg5 16. b3 $2 Rh7 17. c4 Rdh8 18.
cxd5 Nxd5 19. Nc3 Nce7 20. Nxd5 Nxd5 21. Rac1 (21. h3 {would have been a nice
defensive move.}) 21... g4 22. Nh4 $1 ({It's very import ant to keep the
h-file closed now, moving the knight elsewhere would be disastrous. e.g.} 22.
Ne1 $2 Rxh2 23. f4 Ne7 24. d5 Bxd5 $19 {- Fritz}) 22... Ba6 $6 23. Ng6 Rg8 24.
Nf4 $6 ({Opening up the center is tempting, but this knight would have been a
valuable defender for the lonely White king.} 24. Nh4 {was called for.}) 24...
f5 25. Nxd5 exd5 26. Qf4 Rc8 $2 ({With this passive move Black throws away the
initiative. Much better would have been:} 26... Qf7 27. -- {intending} Qh5 {
with serious threats on the h-file.}) 27. Qe5 Bb7 28. Re1 Rhh8 29. Re2 $2 ({
Too slow! White had the damage contained, with huge counter-play in the center.
He had Black already set up and should have played:} 29. Qe7 $1 {Black has
nothing better than:} Rh7 30. Qxd7 Rxd7 31. h4 $14 {- Fritz.}) 29... Qh7 $2 ({
Black missed a nice little shot with:} 29... Rhe8 $1 $19 {and White loses
big-time material.}) 30. Ree1 $4 ({This loses quickly, much better was:} 30. f4
Qxh2+ 31. Kf2 Qh7 32. Rh1 $15 {- Fritz}) 30... Qxh2+ 31. Kf1 Ba6+ 32. Re2 Bxe2+
{(Un)fortunately the transcription of moves got quite messed up at this point,
but White was mated about 5 moves hence.} 0-1